| 000 | 00477nam a2200193Ia 4500 | ||
|---|---|---|---|
| 005 | 20240823061414.0 | ||
| 008 | 240823s9999||||xx |||||||||||||| ||und|| | ||
| 041 | _aENGLISH | ||
| 082 | _A621.3121 Q7 | ||
| 100 | _aPraveena R | ||
| 245 | 0 | _aPower Plant Engineering | |
| 250 | _a1st | ||
| 260 |
_c2017 _bAR Publica _aNagapattanam |
||
| 500 | _aTRANSFERED | ||
| 650 |
_aPower Plant Engineering _bElectrical |
||
| 700 | _a Santha Kumar S T | ||
| 942 | _cBK | ||
| 999 |
_c233449 _d233449 |
||